Vzhlédnout k nebi /
I pád se může proměnit v let. Druhý díl romantické série od autorky Čtvrtého křídla.
Uloženo v:
| Série: | Vzlety a pády,
část 2 |
|---|---|
| Hlavní autor: | |
| Další autoři: | |
| Médium: | E-kniha |
| Jazyk: | Czech |
| Vydáno: |
V Praze :
Fragment,
2024
|
| Vydání: | 1. vydání |
| Témata: | |
| Příbuzné jednotky: | Z cyklu::
Vzlety a pády |
| Tagy: |
Žádné tagy |
| LEADER | 02477nam a2200469 i 4500 | ||
|---|---|---|---|
| 001 | 312573 | ||
| 003 | CZ PrSKC | ||
| 005 | 20260601215725.0 | ||
| 007 | ta | ||
| 008 | 241126s2024 xr g 000 f cze | ||
| 015 | |a cnb003645146 | ||
| 020 | |a 9788025370582 |q (brožováno) : |c Kč 499,00 | ||
| 035 | |a (OCoLC)1498301535 | ||
| 040 | |a ABG001 |b cze |e rda | ||
| 041 | 1 | |a cze |h eng | |
| 072 | 7 | |a 821.111(73)-3 |x Americká próza |2 Konspekt | |
| 080 | |a 821.111(73)-31 |2 MRF | ||
| 080 | |a (0:82-312.5) |2 MRF | ||
| 100 | 1 | |a Yarros, Rebecca, |d 1981- |7 xx0306981 |4 aut | |
| 240 | 1 | 0 | |a Eyes turned skyward. |l Česky |
| 245 | 1 | 0 | |a Vzhlédnout k nebi / |c Rebecca Yarros ; přeložila Eva Brožová |
| 250 | |a 1. vydání | ||
| 264 | 1 | |a V Praze : |b Fragment, |c 2024 | |
| 300 | |a 385 stran ; |c 21 cm | ||
| 336 | |a text |b txt |2 rdacontent | ||
| 337 | |a bez média |b n |2 rdamedia | ||
| 338 | |a svazek |b nc |2 rdacarrier | ||
| 500 | |a Přeloženo z angličtiny | ||
| 520 | 2 | |a I pád se může proměnit v let. Druhý díl romantické série od autorky Čtvrtého křídla. |b Dvacetiletá Paisley chce jedinou věc - osvobodit se z vlivu svých rodičů, kteří ji po smrti její sestry úzkostlivě střeží. Ano, má sice stejnou srdeční vadu jako ona, ale taky má dlouhý seznam vysněných přání. Jagger, bezstarostný a pohledný student nejprestižnější letecké školy v zemi, by jí mohl nejedno splnit. Jsou tu ale dva zásadní problémy: Paisley je dcera generála a její přítel největší Jaggerův rival. Jak moc bude ochotná riskovat kvůli klukovi, ze kterého se jí nebezpečně zrychluje tep? Nakladatelská anotace. Kráceno. | |
| 653 | 0 | |a literatura new adult | |
| 655 | 7 | |a americké romány |7 fd131796 |2 czenas | |
| 655 | 7 | |a milostné romány |7 fd132840 |2 czenas | |
| 655 | 9 | |a American fiction |2 eczenas | |
| 655 | 9 | |a love novels |2 eczenas | |
| 700 | 1 | |a Brožová, Eva |7 jn20010309864 |4 trl | |
| 787 | 0 | 8 | |i Z cyklu: |t Vzlety a pády |g 2 |
| 900 | |a ABA001 |b 20 | ||
| 928 | 9 | |a Albatros Media - Fragment | |
| 044 | |a xr | ||
| 910 | |a RBIT002 | ||
| 998 | |d 415731 |a https://core.palmknihy.cz/api/books/415731/cover?sn0ucm |b https://core.palmknihy.cz/api/books/415731/cover/400?sn0ucm |c https://core.palmknihy.cz/api/books/415731/cover/50?sn0ucm |e 2028-08-04 |g 392 |i 9788025370582 |j https://core.palmknihy.cz/api/books/415731/preview.epub |k https://core.palmknihy.cz/api/books/415731/preview.pdf |l |q 49 |r 1 |s https://www.palmknihy.cz/kniha/415731 |t ebook |y 2024 |z 0 | ||
| 999 | |d 312571 | ||